| 000 | 01254nam a22002177a 4500 | ||
|---|---|---|---|
| 005 | 20240724233240.0 | ||
| 008 | s2553 th tha d | ||
| 041 | _atha | ||
| 050 | _aNA 6275.T5 ก975น 2553 | ||
| 100 | 0 | _aไกรยศ พรหมชาติ | |
| 245 | 1 | 0 | _aแนวทางการบริหารจัดการ การออกแบบพื้นที่และรูปแบบร้านค้าของตลาดสดชุมชนในกรุงเทพมหานคร |
| 260 | 3 |
_aกรุงเทพฯ : _bคณะสถาปัตยกรรมศาสตร์และผังเมือง มหาวิทยาลัยธรรมศาสตร์, _c2553 |
|
| 300 |
_a234 หน้า : _b ภาพประกอบ ; _c 30 ซม. |
||
| 650 | 0 | 4 | _aตลาดสด -- กรุงเทพมหานคร -- วิจัย |
| 650 | 0 | 4 | _aตลาด -- ไทย -- กรุงเทพมหานคร -- วิจัย |
| 850 | _aNALT | ||
| 942 | _cRSH | ||
| 997 | _aบ 23090 | ||
| 997 | _c000000000061367 | ||
| 998 | _aนางสาวชัชฎา จูฑะรักษ์ | ||
| 999 |
_c61367 _d61367 |
||